| 000 -LEADER |
| fixed length control field |
00737cam a22002654a 4500 |
| 001 - CONTROL NUMBER |
| control field |
12887462 |
| 005 - DATE AND TIME OF LATEST TRANSACTION |
| control field |
20180315063154.0 |
| 008 - FIXED-LENGTH DATA ELEMENTS--GENERAL INFORMATION |
| fixed length control field |
020808s2004 ohua 001 0 eng |
| 010 ## - LIBRARY OF CONGRESS CONTROL NUMBER |
| LC control number |
2002111173 |
| 020 ## - INTERNATIONAL STANDARD BOOK NUMBER |
| International Standard Book Number |
0324171900 (pbk. : package) |
| 020 ## - INTERNATIONAL STANDARD BOOK NUMBER |
| International Standard Book Number |
0324269412 (book) |
| 035 ## - SYSTEM CONTROL NUMBER |
| System control number |
(DLC) 2002111173 |
| 040 ## - CATALOGING SOURCE |
| Original cataloging agency |
DLC |
| Transcribing agency |
DLC |
| 041 ## - LANGUAGE CODE |
| Language code of text/sound track or separate title |
eng |
| 042 ## - AUTHENTICATION CODE |
| Authentication code |
pcc |
| 080 ## - UNIVERSAL DECIMAL CLASSIFICATION NUMBER |
| Universal Decimal Classification number |
330.101.541 MAN |
| 082 ## - DEWEY DECIMAL CLASSIFICATION NUMBER |
| Classification number |
330.101.541 MAN |
| 100 1# - Rafti |
| Rafti |
52 |
| 101 ## - Shkurtesa |
| Shkurtesa |
MAK |
| 245 10 - TITLE STATEMENT |
| Title |
Brief principles of macroeconomics / |
| Statement of responsibility, etc |
N. Gregory Mankiw. |
| 246 30 - VARYING FORM OF TITLE |
| Title proper/short title |
Macroeconomics |
| 906 ## - LOCAL DATA ELEMENT F, LDF (RLIN) |
| a |
7 |
| b |
cbc |
| c |
orignew |
| d |
1 |
| e |
epcn |
| f |
20 |
| g |
y-gencatlg |
| 942 ## - ADDED ENTRY ELEMENTS (KOHA) |
| Source of classification or shelving scheme |
|
| Item type |
Books |